000 01209nam a2200349 a 4500
001 58424
003 CO-BoRNBP
005 20250822152221.0
007 ta
008 970614s1994 ck a jr 000 f spa
020 _a9580708444 (colección)
020 _a9580709262
040 _aCO-BoBN
_bspa
_cCO-BoBN
041 1 _aspa
_hfre
082 0 4 _a843.914
_223
100 1 _aDesrosiers, Sylvie,
_d1954-
_963159
240 1 3 _aLa patte dans le sac.
245 1 3 _aLa pata en la bolsa :
_bbasado en una idea de Pierre Huet /
_cSylvie Desrosiers ; iluustraciones de Daniel Sylvestre
250 _a1a. edición
300 _a89 p. :
_bil. ;
_c18 cm
336 _2rdacontent
_atexto
_btxt
337 _2rdamedia
_asin mediación
_bn
338 _2rdacarrier
_avolumen
_bnc
490 0 _aJóvenes lectores ;
_v2
500 _aCoedición: Susaeta
650 _aNovela canadiense
_ySiglo XX
_2LEMB
_962552
653 _aLiteratura juvenil canadiense
_aSiglo XX
700 1 _aSylvestre, Daniel,
_eilustrador
_963160
942 _2ddc
_cBK
949 _aA 3659
_mD.SAMPER
_lLIB/MODER
_kLIB/MODER
_tLIBRO
_xDEP/LEGAL
_zGENERAL
_rY
_sY
949 _aPA 3292
_mPRESERVACI
_lPRESERVACI
_kPRESERVACI
_tLIBRO
_xDEP/LEGAL
_zPRESERVACI
_rY
_sY
999 _c58424
_d58424